000
00262nam a2200109Ia 4500
008
220204s9999 xx 000 0 und d
082
_a
339.138
_b
LAT
100
_a
LATIF, T A A
245
0
_a
Practice of marketing
260
_a
New Delhi
_b
Chand
_c
1976
942
_c
BK
999
_c
31468
_d
31468